=LDR 00000nam 2200000 4500 =001 INLIS000000000056635 =005 20200918085010 =035 ##$$a 0010-0920000266 =007 ta =008 200918###########################0###### =082 ##$$a 297.725 986 51 =084 ##$$a 297.725 986 51 Nur p =245 1#$$a Laporan Penelitian : $b Penggunaan Ekspresi metaporsis sebagai strategi dakwah pada masyarakat sasak /$c Nur Ahmadi =300 ##$$a iv, 37 halaman ; $c 28 cm =700 #$$a Syahdan =700 #$$a Priyono =600 #4$$a Dakwah Islam - Masyarakat Sasak - Penelitian =264 ##$$a Mataram :$b LPPM Universitas Mataram,$c 2018 =336 ##$$a Text$2 rdacontent =337 ##$$a Laporan$2 rdamedia =338 ##$$a Lain-lain$2 rdacarrier =990 ##$$a 33713371 =990 ##$$a 253/49/2020